| 000 | 00684nam a22002057a 4500 | ||
|---|---|---|---|
| 999 |
_c13882 _d13882 |
||
| 003 | OSt | ||
| 005 | 20190508091953.0 | ||
| 008 | 190508b ||||| |||| 00| 0 eng d | ||
| 040 | _cUMDC | ||
| 082 |
_22018 _aUT 1269 _bP28 |
||
| 100 |
_aPascual, Vincent Nicholas _938643 |
||
| 245 |
_aThe level of police visibility in crime prevention in Zone II/ _cVince Nicholas Pascual, Rodel Sardido and Hamod Talusob |
||
| 260 |
_aDigos City. _bUMDC _cNovember 2018 |
||
| 300 |
_a36 pages. _c30 cm. |
||
| 650 |
_a _vCriminology _xUndergraduate thesis. _938644 |
||
| 700 |
_aPascual, Vince Nicolas _938645 |
||
| 700 |
_aSardido, Rodel _938646 |
||
| 700 |
_aTalusob, Hamod _938647 |
||
| 942 |
_2ddc _cUT |
||